[Event "CZE-chT2E 1920"]
[Site "Czech Republic"]
[Date "2019.12.15"]
[Round "5.2"]
[White "Mudrak, Josef"]
[Black "Ramik, Zdenek"]
[Result "1/2-1/2"]
[WhiteElo "2239"]
[BlackElo "2129"]
[PlyCount "31"]
[EventDate "2019.10.13"]
[EventType "team-tourn"]
[EventRounds "11"]
[EventCountry "CZE"]
[SourceTitle "EXT 2024"]
[Source "ChessBase"]
[SourceDate "2023.10.10"]
[SourceVersion "1"]
[SourceVersionDate "2023.10.10"]
[SourceQuality "1"]
[WhiteTeam "Vlcnov"]
[BlackTeam "Brno Lokomotiva"]
[WhiteTeamCountry "CZE"]
[BlackTeamCountry "CZE"]

1. d4 g6 2. Nf3 Bg7 3. c3 Nf6 4. Bf4 d6 5. e3 Nbd7 6. a4 a5 7. Nbd2 Nh5 8. Bg5 h6 9. Bh4 g5 10. Bg3 e5 11. dxe5 Nxg3 12. hxg3 dxe5 13. Qc2 Qe7 14. Bb5 c6 15. Bc4 Nc5 16. e4 1/2-1/2

[Event "Tatry op"]
[Site "Tatranske Zruby"]
[Date "2018.10.07"]
[Round "9"]
[White "Ramik, Zdenek"]
[Black "Chubar, Vladimir"]
[Result "1-0"]
[WhiteElo "2172"]
[BlackElo "2001"]
[PlyCount "93"]
[EventDate "2018.09.30"]
[EventType "swiss"]
[EventRounds "9"]
[EventCountry "SVK"]
[SourceTitle "CBM 186 Extra"]
[Source "ChessBase"]
[SourceDate "2018.08.24"]
[SourceVersion "1"]
[SourceVersionDate "2018.08.24"]
[SourceQuality "1"]

1. c4 e5 2. g3 Nc6 3. Bg2 Bc5 4. Nc3 a6 5. e3 d6 6. Nge2 Ba7 7. d4 h5 8. d5 Nce7 9. h4 Nf6 10. Qd3 Rb8 11. b3 Bf5 12. e4 Bd7 13. Be3 Bxe3 14. Qxe3 b5 15. 0-0 Ng4 16. Qd2 bxc4 17. bxc4 Rb4 18. f3 Nh6 19. Qd3 Qb8 20. Rab1 Qb6+ 21. Kh2 0-0 22. Rxb4 Qxb4 23. Rb1 Qc5 24. Nc1 Ng6 25. Nb3 Qa7 26. c5 f5 27. c6 Bc8 28. exf5 Bxf5 29. Ne4 Rb8 30. Nbd2 Rxb1 31. Qxb1 Kh7 32. Ng5+ Kh8 33. Nf7+ Kh7 34. Qb7 Qd4 35. Ng5+ Kh8 36. Qb8+ Ng8 37. Nde4 Qxd5 38. Qxc7 Bxe4 39. fxe4 Qxa2 40. Qd8 Qf2 41. c7 N6e7 42. c8Q Nxc8 43. Qxc8 a5 44. Qe8 Qe2 45. Nf3 g6 46. Qxg6 a4 47. Ng5 1-0

[Event "Tatry op"]
[Site "Tatranske Zruby"]
[Date "2018.10.01"]
[Round "2"]
[White "Gyerpal, Adrian"]
[Black "Ramik, Zdenek"]
[Result "1/2-1/2"]
[WhiteElo "1978"]
[BlackElo "2172"]
[PlyCount "35"]
[EventDate "2018.09.30"]
[EventType "swiss"]
[EventRounds "9"]
[EventCountry "SVK"]
[SourceTitle "CBM 186 Extra"]
[Source "ChessBase"]
[SourceDate "2018.08.24"]
[SourceVersion "1"]
[SourceVersionDate "2018.08.24"]
[SourceQuality "1"]

1. e4 e5 2. Nf3 d6 3. d4 exd4 4. Nxd4 Nf6 5. Nc3 Be7 6. Bc4 0-0 7. 0-0 c6 8. Re1 b5 9. Bf1 a6 10. Bf4 c5 11. Nf5 Bxf5 12. exf5 Nc6 13. Nd5 Nxd5 14. Qxd5 Qb6 15. c3 Rad8 16. Be2 Bf6 17. Rad1 Ne7 18. Qd3 1/2-1/2

[Event "Tatry op"]
[Site "Tatranske Zruby"]
[Date "2018.09.30"]
[Round "1"]
[White "Ramik, Zdenek"]
[Black "Bednar, Jan"]
[Result "1/2-1/2"]
[WhiteElo "2172"]
[BlackElo "1986"]
[PlyCount "34"]
[EventDate "2018.09.30"]
[EventType "swiss"]
[EventRounds "9"]
[EventCountry "SVK"]
[SourceTitle "CBM 186 Extra"]
[Source "ChessBase"]
[SourceDate "2018.08.24"]
[SourceVersion "1"]
[SourceVersionDate "2018.08.24"]
[SourceQuality "1"]

1. e4 c5 2. Nc3 Nc6 3. g3 g6 4. Bg2 Bg7 5. d3 d6 6. Be3 Rb8 7. Qd2 b5 8. Nf3 Nd4 9. 0-0 b4 10. Nd1 Qa5 11. Ne1 e6 12. Bf4 Qa6 13. a3 e5 14. Bg5 Be6 15. Nf3 h6 16. Be3 Ne7 17. h4 Nec6 1/2-1/2

[Event "Tatry op"]
[Site "Tatranska Lomnica"]
[Date "2017.10.12"]
[Round "6"]
[White "Kopecek, Ivan"]
[Black "Ramik, Zdenek"]
[Result "0-1"]
[WhiteElo "1930"]
[BlackElo "2179"]
[PlyCount "62"]
[EventDate "2017.10.08"]
[EventType "swiss"]
[EventRounds "9"]
[EventCountry "SVK"]
[SourceTitle "CBM 181 Extra"]
[Source "ChessBase"]
[SourceDate "2017.12.12"]
[SourceVersion "1"]
[SourceVersionDate "2017.12.12"]
[SourceQuality "1"]

1. e4 e5 2. Nf3 d6 3. d4 exd4 4. Nxd4 Nf6 5. Nc3 Be7 6. Be2 0-0 7. Bf4 Nc6 8. Qd2 Nxd4 9. Qxd4 Be6 10. 0-0-0 c5 11. Qd2 Qa5 12. a3 Rfd8 13. f3 a6 14. Kb1 Kh8 15. g4 d5 16. e5 Ne8 17. Bg5 Qc7 18. Bxe7 Qxe7 19. f4 d4 20. Ne4 Bd5 21. Bf3 f6 22. Rde1 Bg8 23. exf6 gxf6 24. g5 Qf7 25. b3 c4 26. Qb4 cxb3 27. cxb3 a5 28. Qb5 Rd5 29. Nc5 Rxc5 30. Qxc5 Qxb3+ 31. Ka1 Qa2# 0-1

[Event "CZE-chT 1617"]
[Site "Czech Republic"]
[Date "2016.10.08"]
[Round "1.4"]
[White "Laznicka, Viktor"]
[Black "Ramik, Zdenek"]
[Result "1-0"]
[WhiteElo "2651"]
[BlackElo "2213"]
[PlyCount "81"]
[EventDate "2016.10.08"]
[EventType "team-tourn"]
[EventRounds "11"]
[EventCountry "CZE"]
[SourceTitle "EXT 2017"]
[Source "ChessBase"]
[SourceDate "2016.10.25"]
[SourceVersion "1"]
[SourceVersionDate "2016.10.25"]
[SourceQuality "1"]
[WhiteTeam "Novoborsky"]
[BlackTeam "Brno Lokomotiva"]
[WhiteTeamCountry "CZE"]
[BlackTeamCountry "CZE"]

1. d4 Nf6 2. Bg5 d6 3. Nc3 Nbd7 4. e4 e5 5. f4 Be7 6. Nf3 h6 7. Bxf6 Bxf6 8. dxe5 dxe5 9. f5 c6 10. Qe2 a5 11. 0-0-0 a4 12. g4 Qa5 13. Nb1 a3 14. b3 Bg5+ 15. Nxg5 hxg5 16. Qe3 Qd8 17. Nd2 b5 18. Nf3 f6 19. Rd6 Qc7 20. Rd2 Qa7 21. Qc3 Qc5 22. Qd3 Kd8 23. c3 Kc7 24. b4 Qe7 25. Be2 Nb6 26. Qe3 Bb7 27. Rhd1 Rhd8 28. Rxd8 Rxd8 29. Rxd8 Qxd8 30. Nd2 Qh8 31. h3 Qh4 32. Bf1 Qh8 33. c4 bxc4 34. Qxa3 Qd8 35. Qa5 c3 36. Nb3 Kc8 37. Kc2 c5 38. Qxc5+ Kb8 39. Bd3 Na4 40. Qb5 Nb6 41. Nc5 1-0

[Event "Tatry op"]
[Site "Tatranske Zruby"]
[Date "2016.09.30"]
[Round "8"]
[White "Baum, Jonasz"]
[Black "Ramik, Zdenek"]
[Result "1-0"]
[WhiteElo "1851"]
[BlackElo "2213"]
[PlyCount "115"]
[EventDate "2016.09.24"]
[EventType "swiss"]
[EventRounds "9"]
[EventCountry "SVK"]
[SourceTitle "CBM 174 Extra"]
[Source "ChessBase"]
[SourceDate "2016.10.10"]
[SourceVersion "1"]
[SourceVersionDate "2016.10.10"]
[SourceQuality "1"]

1. e4 e5 2. Nf3 d6 3. Bc4 Be7 4. 0-0 Nf6 5. d3 0-0 6. Re1 c6 7. Bb3 Nbd7 8. c3 Qc7 9. d4 b6 10. Nh4 Re8 11. Nf5 Bf8 12. g4 h6 13. h4 d5 14. g5 Nxe4 15. Rxe4 dxe4 16. g6 Re6 17. gxf7+ Kxf7 18. d5 Rg6+ 19. Bg5 Rxg5+ 20. hxg5 Kg6 21. Qg4 Nf6 22. gxf6+ Kxf6 23. Nd2 Bxf5 24. Nxe4+ Bxe4 25. Qxe4 cxd5 26. Qxd5 Qc8 27. Qf7+ Kg5 28. Kh2 Qf5 29. Rg1+ Kf4 30. Rg4+ Kxg4 31. Be6 Qxe6 32. Qxe6+ Kf4 33. Kh3 e4 34. Qf7+ Ke5 35. Qb7 Rd8 36. Qc7+ Rd6 37. Qxa7 Rf6 38. Qb8+ Kf5 39. Qb7 g5 40. f3 exf3 41. Qxf3+ Kg6 42. Qd3+ Kg7 43. Qd7+ Kg6 44. Qe8+ Kg7 45. a4 Bc5 46. b4 Rf3+ 47. Kg2 Re3 48. Qd7+ Re7 49. Qd8 Re2+ 50. Kf1 Rf2+ 51. Ke1 Rf8 52. Qc7+ Rf7 53. Qe5+ Kg6 54. bxc5 bxc5 55. Qxc5 h5 56. Qd6+ Rf6 57. Qxf6+ Kxf6 58. a5 1-0

[Event "Tatry op"]
[Site "Tatranske Zruby"]
[Date "2016.09.28"]
[Round "6"]
[White "Borsos, Bogdan"]
[Black "Ramik, Zdenek"]
[Result "1/2-1/2"]
[WhiteElo "2252"]
[BlackElo "2213"]
[PlyCount "37"]
[EventDate "2016.09.24"]
[EventType "swiss"]
[EventRounds "9"]
[EventCountry "SVK"]
[SourceTitle "CBM 174 Extra"]
[Source "ChessBase"]
[SourceDate "2016.10.10"]
[SourceVersion "1"]
[SourceVersionDate "2016.10.10"]
[SourceQuality "1"]

1. e4 e5 2. Nf3 d6 3. Bc4 Be7 4. 0-0 Nf6 5. Re1 0-0 6. d3 Nc6 7. c3 Na5 8. Bb5 Bd7 9. Bxd7 Qxd7 10. Nbd2 c5 11. d4 cxd4 12. cxd4 exd4 13. Nxd4 Rfe8 14. b3 Nc6 15. Bb2 Rac8 16. Nc4 d5 17. Nxc6 bxc6 18. Ne5 Qb7 19. exd5 1/2-1/2

[Event "Tatry op"]
[Site "Tatranske Zruby"]
[Date "2016.09.27"]
[Round "5"]
[White "Ramik, Zdenek"]
[Black "Vrtiakova, Anna"]
[Result "1-0"]
[WhiteElo "2213"]
[BlackElo "1881"]
[PlyCount "95"]
[EventDate "2016.09.24"]
[EventType "swiss"]
[EventRounds "9"]
[EventCountry "SVK"]
[SourceTitle "CBM 174 Extra"]
[Source "ChessBase"]
[SourceDate "2016.10.10"]
[SourceVersion "1"]
[SourceVersionDate "2016.10.10"]
[SourceQuality "1"]

1. e4 c5 2. Nc3 Nc6 3. g3 g6 4. Bg2 Bg7 5. d3 d6 6. Be3 Nf6 7. h3 0-0 8. Nge2 Ne8 9. 0-0 Nd4 10. f4 f5 11. Qd2 Rb8 12. Rae1 b5 13. a3 a5 14. Nd1 Nxe2+ 15. Qxe2 b4 16. axb4 axb4 17. Bf2 e6 18. exf5 gxf5 19. Qd2 Nc7 20. Kh2 Nb5 21. Rg1 Nd4 22. c3 bxc3 23. bxc3 Nb5 24. d4 cxd4 25. cxd4 Bd7 26. d5 e5 27. fxe5 Bxe5 28. Be3 Qf6 29. Bf4 Bd4 30. Rgf1 Rb6 31. Bg5 Qg6 32. Re7 Rf7 33. Rxf7 Qxf7 34. Ne3 Qg6 35. Bf4 Bc5 36. Nc4 Rb8 37. Re1 Re8 38. Be3 Na3 39. Nxa3 Bxa3 40. Qc3 Ra8 41. Ra1 Qh5 42. Rxa3 Rc8 43. Qd2 f4 44. Bxf4 Bf5 45. Rc3 Re8 46. Re3 Rc8 47. Qe2 Qg6 48. Be4 1-0

[Event "Tatry op"]
[Site "Tatranske Zruby"]
[Date "2015.09.28"]
[Round "4"]
[White "Ramik, Zdenek"]
[Black "Gettler, Daniel"]
[Result "1/2-1/2"]
[WhiteElo "2223"]
[BlackElo "2051"]
[PlyCount "20"]
[EventDate "2015.09.26"]
[EventType "swiss"]
[EventRounds "9"]
[EventCountry "SVK"]
[SourceTitle "CBM 168 Extra"]
[Source "ChessBase"]
[SourceDate "2015.10.29"]
[SourceVersion "1"]
[SourceVersionDate "2015.10.29"]
[SourceQuality "1"]

1. e4 c5 2. Nf3 e6 3. d3 b5 4. a4 b4 5. Nbd2 Bb7 6. g3 Nc6 7. Bg2 Nf6 8. 0-0 Be7 9. Re1 0-0 10. Nc4 d5 1/2-1/2

[Event "Tatry op"]
[Site "Tatranske Zruby"]
[Date "2014.10.02"]
[Round "6"]
[White "Ramik, Zdenek"]
[Black "Capak, Stefan"]
[Result "1-0"]
[WhiteElo "2216"]
[BlackElo "2063"]
[PlyCount "59"]
[EventDate "2014.09.28"]
[EventType "swiss"]
[EventRounds "9"]
[EventCountry "SVK"]
[SourceTitle "CBM 162 Extra"]
[Source "ChessBase"]
[SourceDate "2014.10.17"]
[SourceVersion "1"]
[SourceVersionDate "2014.10.17"]
[SourceQuality "1"]

1. e4 c5 2. Nc3 e6 3. g3 d5 4. exd5 exd5 5. Bg2 Nf6 6. d3 Be7 7. Bg5 Nbd7 8. Nf3 0-0 9. 0-0 b6 10. Re1 Bb7 11. Nh4 g6 12. Re2 Re8 13. Qf1 Nf8 14. Rxe7 Qxe7 15. Bxd5 Ne6 16. Bxf6 Qxf6 17. Bxb7 Rab8 18. Bc6 Red8 19. Bg2 Nd4 20. Qd1 Re8 21. Nf3 b5 22. Rb1 Qa6 23. Nxd4 cxd4 24. Nd5 b4 25. Qg4 Qe6 26. Qxd4 Red8 27. Qe4 Rd6 28. Qxe6 Rxe6 29. Ne3 Ra6 30. Bd5 1-0

[Event "Tatry op"]
[Site "Tatranske Zruby"]
[Date "2013.10.01"]
[Round "3"]
[White "Janousek, Petr"]
[Black "Ramik, Zdenek"]
[Result "1/2-1/2"]
[WhiteElo "2162"]
[BlackElo "2250"]
[PlyCount "27"]
[EventDate "2013.09.29"]
[EventType "swiss"]
[EventRounds "9"]
[EventCountry "SVK"]
[SourceTitle "CBM 156 Extra"]
[Source "ChessBase"]
[SourceDate "2013.10.22"]
[SourceVersion "1"]
[SourceVersionDate "2013.10.22"]
[SourceQuality "1"]

1. e4 e5 2. Nf3 d6 3. d4 exd4 4. Qxd4 Nf6 5. Nc3 Be7 6. Bg5 0-0 7. 0-0-0 Nc6 8. Qd2 Be6 9. Bb5 a6 10. Bxc6 bxc6 11. Nd4 Bd7 12. Rhe1 Ng4 13. Bxe7 Qxe7 14. h3 1/2-1/2

[Event "Tatry op"]
[Site "Tatranske Zruby"]
[Date "2013.10.01"]
[Round "4"]
[White "Ramik, Zdenek"]
[Black "Kolesar, Milan"]
[Result "1/2-1/2"]
[WhiteElo "2250"]
[BlackElo "2141"]
[PlyCount "24"]
[EventDate "2013.09.29"]
[EventType "swiss"]
[EventRounds "9"]
[EventCountry "SVK"]
[SourceTitle "CBM 156 Extra"]
[Source "ChessBase"]
[SourceDate "2013.10.22"]
[SourceVersion "1"]
[SourceVersionDate "2013.10.22"]
[SourceQuality "1"]

1. e4 c5 2. Nc3 Nc6 3. g3 g6 4. Bg2 Bg7 5. d3 d6 6. Be3 e6 7. Qd2 Rb8 8. Nf3 e5 9. 0-0 Nge7 10. Bh6 0-0 11. Bxg7 Kxg7 12. Ne1 Nd4 1/2-1/2

[Event "CZE-chT2E 1213"]
[Site "Czech Republic"]
[Date "2012.12.16"]
[Round "5.1"]
[White "Sekanina, Jiri"]
[Black "Ramik, Zdenek"]
[Result "1-0"]
[WhiteElo "2125"]
[BlackElo "2275"]
[PlyCount "65"]
[EventDate "2012.10.14"]
[EventType "team-tourn"]
[EventRounds "11"]
[EventCountry "CZE"]
[SourceTitle "EXT 2016"]
[Source "ChessBase"]
[SourceDate "2015.10.08"]
[SourceVersion "1"]
[SourceVersionDate "2015.10.08"]
[SourceQuality "1"]
[WhiteTeam "Adamov"]
[BlackTeam "Brno Lokomotiva"]
[WhiteTeamCountry "CZE"]
[BlackTeamCountry "CZE"]

1. e4 e5 2. Nf3 Nc6 3. Bb5 d6 4. d4 Bd7 5. Nc3 Nf6 6. Bxc6 Bxc6 7. Qd3 exd4 8. Nxd4 g6 9. Bg5 Bg7 10. 0-0-0 0-0 11. Nxc6 bxc6 12. e5 dxe5 13. Qf3 Qe7 14. Ne4 Rab8 15. Bxf6 Qb4 16. b3 Rb5 17. Bxg7 Kxg7 18. Rd7 Qa3+ 19. Kb1 Ra5 20. Nc3 c5 21. Rhd1 c4 22. R1d5 c6 23. R5d6 cxb3 24. cxb3 e4 25. Qxe4 Qc5 26. Qd4+ Qxd4 27. Rxd4 Re8 28. Rf4 Rf5 29. Rxf5 gxf5 30. Kc2 Re1 31. Rd1 Re7 32. Kd3 h5 33. g3 1-0

[Event "Tatry op"]
[Site "Tatranske Zruby"]
[Date "2012.09.30"]
[Round "9"]
[White "Kvassay, Peter"]
[Black "Ramik, Zdenek"]
[Result "1/2-1/2"]
[WhiteElo "2028"]
[BlackElo "2275"]
[PlyCount "24"]
[EventDate "2012.09.23"]
[EventType "swiss"]
[EventRounds "9"]
[EventCountry "SVK"]
[SourceTitle "CBM 150 Extra"]
[Source "ChessBase"]
[SourceDate "2012.10.19"]
[SourceVersion "1"]
[SourceVersionDate "2012.10.19"]
[SourceQuality "1"]

1. d4 Nf6 2. Nf3 e6 3. c4 b6 4. g3 Bb7 5. Bg2 Bb4+ 6. Bd2 Bxd2+ 7. Qxd2 c5 8. dxc5 bxc5 9. Nc3 Ne4 10. Nxe4 Bxe4 11. 0-0 Qc7 12. Ng5 Bxg2 1/2-1/2

[Event "Tatry op"]
[Site "Tatranske Zruby"]
[Date "2012.09.25"]
[Round "3"]
[White "Pastir, Stanislav"]
[Black "Ramik, Zdenek"]
[Result "1/2-1/2"]
[WhiteElo "2155"]
[BlackElo "2275"]
[PlyCount "73"]
[EventDate "2012.09.23"]
[EventType "swiss"]
[EventRounds "9"]
[EventCountry "SVK"]
[SourceTitle "CBM 150 Extra"]
[Source "ChessBase"]
[SourceDate "2012.10.19"]
[SourceVersion "1"]
[SourceVersionDate "2012.10.19"]
[SourceQuality "1"]

1. e4 e5 2. Nf3 d6 3. Bc4 Be7 4. 0-0 Nf6 5. d3 0-0 6. c3 c6 7. Bb3 Nbd7 8. Nbd2 Nc5 9. Bc2 Re8 10. Re1 Bf8 11. d4 Ncd7 12. dxe5 dxe5 13. Nc4 Qc7 14. Bg5 h6 15. Bh4 b5 16. Ne3 g6 17. a4 Bg7 18. axb5 cxb5 19. Bb3 Bb7 20. Nd5 Nxd5 21. Bxd5 Nb6 22. Bxb7 Qxb7 23. Qd3 a6 24. b3 Rac8 25. Nd2 Rc6 26. f3 Qc8 27. Rec1 Ree6 28. Qd8+ Qxd8 29. Bxd8 Red6 30. Bxb6 Rxb6 31. Rc2 Rbc6 32. Kf2 Rd3 33. Ke2 Rd8 34. Nf1 Rdc8 35. Kd3 Rd8+ 36. Ke2 Rdc8 37. Kd3 1/2-1/2

[Event "Tatry op"]
[Site "Tatranske Zruby"]
[Date "2012.09.23"]
[Round "1"]
[White "Nicolini, Alexander"]
[Black "Ramik, Zdenek"]
[Result "1/2-1/2"]
[WhiteElo "2134"]
[BlackElo "2275"]
[PlyCount "52"]
[EventDate "2012.09.23"]
[EventType "swiss"]
[EventRounds "9"]
[EventCountry "SVK"]
[SourceTitle "CBM 150 Extra"]
[Source "ChessBase"]
[SourceDate "2012.10.19"]
[SourceVersion "1"]
[SourceVersionDate "2012.10.19"]
[SourceQuality "1"]

1. e4 e5 2. Nf3 d6 3. Bc4 Be7 4. 0-0 Nf6 5. d3 0-0 6. Qe2 Nc6 7. c3 a6 8. Bb3 Bg4 9. Nbd2 Nh5 10. Nc4 Nf4 11. Bxf4 exf4 12. d4 Qd7 13. Qd3 b5 14. Ncd2 Na5 15. h3 Nxb3 16. axb3 Bh5 17. d5 c5 18. dxc6 Qxc6 19. Nd4 Qc7 20. Nf5 Bg6 21. Nxe7+ Qxe7 22. Qd5 Qe6 23. Rfe1 Rfe8 24. b4 Qxd5 25. exd5 Rxe1+ 26. Rxe1 Kf8 1/2-1/2

[Event "Tatry op"]
[Site "Tatranske Zruby"]
[Date "2011.09.30"]
[Round "7"]
[White "Goga, Frantisek"]
[Black "Ramik, Zdenek"]
[Result "0-1"]
[WhiteElo "1989"]
[BlackElo "2294"]
[PlyCount "76"]
[EventDate "2011.09.25"]
[EventType "swiss"]
[EventRounds "9"]
[EventCountry "SVK"]
[SourceTitle "CBM 144 Extra"]
[Source "ChessBase"]
[SourceDate "2011.10.28"]
[SourceVersion "1"]
[SourceVersionDate "2011.10.28"]
[SourceQuality "1"]

1. e4 e5 2. Nf3 d6 3. d4 exd4 4. Nxd4 Nf6 5. Nc3 Be7 6. Bc4 0-0 7. Bb3 Na6 8. f3 Nc5 9. Be3 Nxb3 10. cxb3 d5 11. Nxd5 Nxd5 12. exd5 Qxd5 13. Ne2 Qe6 14. Kf2 Re8 15. Re1 Bd7 16. Ng3 Bb4 17. Qc2 Bxe1+ 18. Rxe1 Bc6 19. Qc3 Qe5 20. Bd4 Qxe1+ 21. Qxe1 Rxe1 22. Kxe1 f6 23. Kf2 Kf7 24. Ne2 a5 25. Bc3 Bd5 26. Nf4 Be6 27. Ke3 c5 28. Nxe6 Kxe6 29. a3 b5 30. b4 cxb4 31. axb4 a4 32. g4 Rc8 33. Kd3 Rc4 34. h4 h5 35. g5 Rxh4 36. gxf6 gxf6 37. Bd4 Kd5 38. Bxf6 Rf4 0-1

[Event "Tatry op"]
[Site "Tatranske Zruby"]
[Date "2011.09.29"]
[Round "6"]
[White "Ramik, Zdenek"]
[Black "Partys, Petr"]
[Result "1/2-1/2"]
[WhiteElo "2294"]
[BlackElo "2027"]
[PlyCount "31"]
[EventDate "2011.09.25"]
[EventType "swiss"]
[EventRounds "9"]
[EventCountry "SVK"]
[SourceTitle "CBM 144 Extra"]
[Source "ChessBase"]
[SourceDate "2011.10.28"]
[SourceVersion "1"]
[SourceVersionDate "2011.10.28"]
[SourceQuality "1"]

1. e4 e6 2. d3 d5 3. Nd2 Nf6 4. e5 Nfd7 5. f4 c5 6. Ngf3 Be7 7. g3 Nc6 8. c3 Qc7 9. Qe2 b6 10. Bg2 Bb7 11. a3 a5 12. 0-0 0-0 13. Rf2 Rae8 14. Nf1 f5 15. h4 b5 16. Be3 1/2-1/2

[Event "Tatry op"]
[Site "Tatranske Zruby"]
[Date "2011.09.26"]
[Round "2"]
[White "Ramik, Zdenek"]
[Black "Skreno, Vladimir"]
[Result "1-0"]
[WhiteElo "2294"]
[BlackElo "2178"]
[PlyCount "77"]
[EventDate "2011.09.25"]
[EventType "swiss"]
[EventRounds "9"]
[EventCountry "SVK"]
[SourceTitle "CBM 144 Extra"]
[Source "ChessBase"]
[SourceDate "2011.10.28"]
[SourceVersion "1"]
[SourceVersionDate "2011.10.28"]
[SourceQuality "1"]

1. e4 c5 2. Nc3 Nc6 3. g3 g6 4. Bg2 Bg7 5. d3 d6 6. Be3 Rb8 7. Qd2 e6 8. Nf3 Nd4 9. Bxd4 cxd4 10. Nb5 a6 11. Nbxd4 Ne7 12. c3 0-0 13. 0-0 b5 14. a3 Qb6 15. Rfe1 Bb7 16. Nc2 Rfc8 17. d4 a5 18. h4 Nc6 19. h5 Rc7 20. hxg6 hxg6 21. Ne3 Bh6 22. Qe2 b4 23. Ng4 Bg7 24. axb4 axb4 25. e5 dxe5 26. dxe5 Ne7 27. Nf6+ Kf8 28. Qd2 Bxf6 29. exf6 Ng8 30. Qf4 Bxf3 31. Qxf3 Rc5 32. Ra8 bxc3 33. bxc3 Rf5 34. Qe3 Rb5 35. Rxb8+ Qxb8 36. c4 Ra5 37. Qc3 Qb6 38. Rd1 Ra2 39. Qb4+ 1-0